000 00619nam a2200181 a 4500
001 000042545
005 20201002040227.0
008 131211s1972 sp r 000 0 spa d
040 _aDO-SdBNP
_bspa
_cBNPHU
082 _axxxx
_bxxxx
100 1 _aMuñoz Valle, Isidoro
_969784
245 1 0 _aActitudes ante la Cultura Clásica a lo largo de la historia /
_cIsidoro Muñoz Valle.
260 _aMadrid :
_bGráficas Cóndor,
_c1972.
300 _a174 p. ;
_c19 cm.
500 _aIncluye referencias bibliográficas y notas al pie de las páginas
504 _aBibliografía : p. 153-154
590 _aInventariado, 2019/BT
999 _c42034
_d42034